Contribution to the research for adequate and sustainable pensions - the study of the Slovak Republic and the Czech Republic
Ekonomické vlastnosti dočasných penzijných systémov. Základné rozdelenie dôchodkových systémov krajín EÚ. Analýza demografických dát v SR a ČR.
Enregistré dans:
| Auteur principal: | |
|---|---|
| Autres auteurs: | , , |
| Format: | Chapitre de livre |
| Langue: | anglais |
| Sujets: | |
| Tags: |
Pas de tags, Soyez le premier à ajouter un tag!
|
MARC
| LEADER | 00000naa$a2200000$$$4500 | ||
|---|---|---|---|
| 001 | 0222288 | ||
| 005 | 20240502083551.1 | ||
| 041 | 0 | |a eng | |
| 044 | |a CZ | ||
| 245 | 1 | 0 | |a Contribution to the research for adequate and sustainable pensions - the study of the Slovak Republic and the Czech Republic |c Erika Pastoráková, Zuzana Brokešová, Tomáš Ondruška, Eleonóra Zsapková |
| 520 | |a Ekonomické vlastnosti dočasných penzijných systémov. Základné rozdelenie dôchodkových systémov krajín EÚ. Analýza demografických dát v SR a ČR. | ||
| 610 | 2 | 0 | |a systémy dôchodkové |
| 610 | 2 | 0 | |a starnutie populácie |
| 610 | 2 | 0 | |a zabezpečenie dôchodkové |
| 100 | 1 | |a Pastoráková, Erika, 1972- | |
| 700 | 1 | |a Brokešová, Zuzana, 1985- | |
| 700 | 1 | |a Ondruška, Tomáš, 1988- | |
| 700 | 1 | |a Zsapková, Eleonóra | |